[Event "DEM U10 2025"]
[Site "Willingen GER"]
[Date "2025.06.11"]
[Round "5"]
[White "Wolf, Adam"]
[Black "Mitin, Maximilian"]
[Result "1-0"]
[Termination "normal"]
[Board "5"]
[WhiteElo "1656"]
[BlackElo "1714"]
[WhiteClock "01:02:12"]
[BlackClock "01:14:07"]
[PlyCount "135"]
[WhiteFideId "34623426"]
[BlackFideId "533034281"]
[EventCountry "GER"]
[EventRounds "9"]
[EventType "swiss"]
[EventDate "2025.06.07"]

1. e4 {[%clk 01:30:58]} {[%emt 00:00:02]} e5 {[%clk 01:28:22]} {[%emt
00:02:38]} 2. Nf3 {[%clk 01:31:21]} {[%emt 00:00:06]} Nc6 {[%clk 01:28:16]}
{[%emt 00:00:36]} 3. d4 {[%clk 01:31:47]} {[%emt 00:00:04]} exd4 {[%clk
01:27:53]} {[%emt 00:00:54]} 4. Nxd4 {[%clk 01:32:11]} {[%emt 00:00:05]} Qh4
{[%clk 01:28:02]} {[%emt 00:00:20]} 5. Nc3 {[%clk 01:30:43]} {[%emt 00:02:00]}
Bb4 {[%clk 01:27:43]} {[%emt 00:00:49]} 6. Qd3 {[%clk 01:26:33]} {[%emt
00:04:40]} Nf6 {[%clk 01:27:16]} {[%emt 00:00:59]} 7. Ndb5 {[%clk 01:19:32]}
{[%emt 00:07:30]} Kd8 {[%clk 01:23:32]} {[%emt 00:04:14]} 8. a3 {[%clk
01:13:26]} {[%emt 00:06:36]} Bxc3+ {[%clk 01:22:29]} {[%emt 00:01:32]} 9. Nxc3
{[%clk 01:12:30]} {[%emt 00:01:27]} Re8 {[%clk 01:22:25]} {[%emt 00:00:34]} 10.
g3 {[%clk 01:12:30]} {[%emt 00:00:29]} Qg4 {[%clk 01:22:37]} {[%emt 00:00:18]}
11. f3 {[%clk 01:11:27]} {[%emt 00:01:34]} Qe6 {[%clk 01:22:56]} {[%emt
00:00:10]} 12. Bf4 {[%clk 01:10:32]} {[%emt 00:01:25]} Ne5 {[%clk 01:21:49]}
{[%emt 00:01:37]} 13. Bxe5 {[%clk 01:10:15]} {[%emt 00:00:46]} Qxe5 {[%clk
01:22:00]} {[%emt 00:00:20]} 14. O-O-O {[%clk 01:10:07]} {[%emt 00:00:38]} d6
{[%clk 01:20:58]} {[%emt 00:01:32]} 15. Bg2 {[%clk 01:09:39]} {[%emt 00:00:58]}
Nd7 {[%clk 01:16:16]} {[%emt 00:05:12]} 16. Qe3 {[%clk 01:07:19]} {[%emt
00:02:49]} Nb6 {[%clk 01:15:34]} {[%emt 00:01:13]} 17. f4 {[%clk 01:04:15]}
{[%emt 00:03:35]} Nc4 {[%clk 01:14:31]} {[%emt 00:01:33]} 18. Qe2 {[%clk
01:01:27]} {[%emt 00:03:18]} Qc5 {[%clk 01:13:58]} {[%emt 00:01:02]} 19. b4
{[%clk 01:01:25]} {[%emt 00:00:34]} Qe3+ {[%clk 01:13:30]} {[%emt 00:00:57]}
20. Qxe3 {[%clk 01:01:14]} {[%emt 00:00:41]} Nxe3 {[%clk 01:13:54]} {[%emt
00:00:06]} 21. Rd2 {[%clk 00:59:58]} {[%emt 00:01:47]} a6 {[%clk 01:11:30]}
{[%emt 00:02:54]} 22. Bf1 {[%clk 00:56:39]} {[%emt 00:03:48]} Nxf1 {[%clk
01:11:28]} {[%emt 00:00:32]} 23. Rxf1 {[%clk 00:57:01]} {[%emt 00:00:09]} a5
{[%clk 01:11:50]} {[%emt 00:00:08]} 24. b5 {[%clk 00:56:37]} {[%emt 00:00:54]}
f5 {[%clk 01:11:28]} {[%emt 00:00:52]} 25. e5 {[%clk 00:56:44]} {[%emt
00:00:22]} Re6 {[%clk 01:08:17]} {[%emt 00:03:42]} 26. Rfd1 {[%clk 00:56:34]}
{[%emt 00:00:40]} Kd7 {[%clk 01:06:33]} {[%emt 00:02:15]} 27. b6 {[%clk
00:55:47]} {[%emt 00:01:17]} Ra6 {[%clk 01:06:44]} {[%emt 00:00:18]} 28. bxc7
{[%clk 00:55:40]} {[%emt 00:00:37]} Rc6 {[%emt 00:03:13]} 29. Nb5 {[%clk
00:54:47]} {[%emt 00:01:21]} Rb6 {[%clk 01:03:52]} {[%emt 00:00:41]} 30. Rxd6+
{[%clk 00:54:02]} {[%emt 00:01:16]} Rexd6 {[%clk 01:03:27]} {[%emt 00:00:54]}
31. Rxd6+ {[%clk 00:54:27]} {[%emt 00:00:05]} Rxd6 {[%clk 01:03:50]} {[%emt
00:00:07]} 32. exd6 {[%clk 00:54:51]} {[%emt 00:00:06]} Kc6 {[%clk 01:03:41]}
{[%emt 00:00:40]} 33. Na7+ {[%clk 00:54:12]} {[%emt 00:01:09]} Kxd6 {[%clk
01:03:39]} {[%emt 00:00:31]} 34. Nxc8+ {[%clk 00:54:36]} {[%emt 00:00:07]} Kxc7
{[%clk 01:04:03]} {[%emt 00:00:06]} 35. Ne7 {[%clk 00:55:00]} {[%emt 00:00:06]}
g6 {[%clk 01:04:21]} {[%emt 00:00:12]} 36. Nd5+ {[%clk 00:54:06]} {[%emt
00:01:24]} Kd6 {[%clk 01:04:40]} {[%emt 00:00:11]} 37. Ne3 {[%clk 00:53:48]}
{[%emt 00:00:48]} Kc5 {[%clk 01:04:40]} {[%emt 00:00:29]} 38. c3 {[%clk
00:53:57]} {[%emt 00:00:21]} b5 {[%clk 01:04:30]} {[%emt 00:00:40]} 39. Kc2
{[%clk 00:53:25]} {[%emt 00:01:02]} b4 {[%clk 01:04:47]} {[%emt 00:00:13]} 40.
cxb4+ {[%clk 00:53:42]} {[%emt 00:00:13]} axb4 {[%clk 01:05:11]} {[%emt
00:00:06]} 41. axb4+ {[%clk 00:54:08]} {[%emt 00:00:04]} Kxb4 {[%clk 01:05:35]}
{[%emt 00:00:05]} 42. Kd3 {[%clk 00:53:34]} {[%emt 00:01:05]} Kc5 {[%clk
01:05:50]} {[%emt 00:00:14]} 43. Kc3 {[%clk 00:53:52]} {[%emt 00:00:12]} Kd6
{[%clk 01:06:13]} {[%emt 00:00:07]} 44. Kd4 {[%clk 00:54:12]} {[%emt 00:00:10]}
Ke7 {[%clk 01:06:35]} {[%emt 00:00:08]} 45. Ke5 {[%clk 00:54:33]} {[%emt
00:00:10]} Kf8 {[%clk 01:06:59]} {[%emt 00:00:06]} 46. Kf6 {[%clk 00:54:42]}
{[%emt 00:00:21]} Kg8 {[%clk 01:07:24]} {[%emt 00:00:05]} 47. Nd5 {[%clk
00:54:47]} {[%emt 00:00:25]} Kh8 {[%clk 01:07:38]} {[%emt 00:00:16]} 48. Ne7
{[%clk 00:54:50]} {[%emt 00:00:27]} h5 {[%clk 01:07:48]} {[%emt 00:00:20]} 49.
Nxg6+ {[%clk 00:55:13]} {[%emt 00:00:06]} Kg8 {[%clk 01:08:07]} {[%emt
00:00:11]} 50. Kxf5 {[%clk 00:55:39]} {[%emt 00:00:05]} h4 {[%clk 01:08:29]}
{[%emt 00:00:08]} 51. Nxh4 {[%clk 00:56:04]} {[%emt 00:00:05]} Kh8 {[%clk
01:08:44]} {[%emt 00:00:14]} 52. g4 {[%clk 00:56:29]} {[%emt 00:00:06]} Kg7
{[%clk 01:09:08]} {[%emt 00:00:06]} 53. g5 {[%clk 00:56:52]} {[%emt 00:00:07]}
Kh8 {[%clk 01:09:34]} {[%emt 00:00:03]} 54. g6 {[%clk 00:57:15]} {[%emt
00:00:08]} Kg7 {[%clk 01:09:59]} {[%emt 00:00:05]} 55. Kg5 {[%clk 00:57:41]}
{[%emt 00:00:04]} Kg8 {[%clk 01:10:06]} {[%emt 00:00:22]} 56. f5 {[%clk
00:58:07]} {[%emt 00:00:06]} Kg7 {[%clk 01:10:24]} {[%emt 00:00:11]} 57. f6+
{[%clk 00:58:32]} {[%emt 00:00:05]} Kg8 {[%clk 01:10:39]} {[%emt 00:00:15]} 58.
Nf5 {[%clk 00:58:51]} {[%emt 00:00:10]} Kf8 {[%clk 01:10:55]} {[%emt 00:00:14]}
59. g7+ {[%clk 00:59:14]} {[%emt 00:00:07]} Kf7 {[%clk 01:11:03]} {[%emt
00:00:21]} 60. Nh6+ {[%emt 00:00:16]} Ke6 {[%clk 01:11:23]} 61. g8=Q+ {[%clk
00:59:56]} {[%emt 00:00:51]} Ke5 {[%clk 01:11:46]} {[%emt 00:00:07]} 62. f7
{[%clk 01:00:17]} {[%emt 00:00:09]} Ke4 {[%clk 01:12:12]} {[%emt 00:00:04]} 63.
f8=Q {[%clk 01:00:38]} {[%emt 00:00:09]} Ke3 {[%clk 01:12:33]} {[%emt
00:00:09]} 64. Qe6+ {[%clk 01:01:02]} {[%emt 00:00:07]} Kd4 {[%clk 01:12:57]}
{[%emt 00:00:06]} 65. Qfd6+ {[%clk 01:01:26]} {[%emt 00:00:05]} Kc3 {[%clk
01:13:19]} {[%emt 00:00:09]} 66. Qc8+ {[%emt 00:00:13]} Kb3 {[%clk 01:13:42]}
67. Qdb8+ {[%clk 01:02:12]} {[%emt 00:00:08]} Ka4 {[%clk 01:14:07]} {[%emt
00:00:05]} 68. Qa6# {[%emt 00:00:07]} 1-0

[Event "DEM U10 2025"]
[Site "Willingen GER"]
[Date "2025.06.11"]
[Round "5"]
[White "Lüttgen, Jona"]
[Black "Gwardak, Jakob"]
[Result "1-0"]
[Termination "normal"]
[Board "6"]
[WhiteElo "1621"]
[BlackElo "1736"]
[WhiteClock "00:17:55"]
[BlackClock "00:06:49"]
[PlyCount "45"]
[WhiteFideId "533014124"]
[BlackFideId "34670556"]
[EventCountry "GER"]
[EventRounds "9"]
[EventType "swiss"]
[EventDate "2025.06.07"]

1. d4 {[%clk 01:30:59]} {[%emt 19:47:54]} d5 {[%clk 01:30:48]} {[%emt
00:00:12]} 2. c4 {[%clk 01:31:23]} {[%emt 00:00:06]} e6 {[%clk 01:31:05]}
{[%emt 00:00:13]} 3. Nc3 {[%clk 01:31:47]} {[%emt 00:00:06]} c5 {[%clk
01:30:56]} {[%emt 00:00:39]} 4. dxc5 {[%clk 01:30:40]} {[%emt 00:01:36]} d4
{[%clk 01:25:45]} {[%emt 00:05:41]} 5. Ne4 {[%clk 01:27:51]} {[%emt 00:03:17]}
Nc6 {[%clk 01:18:30]} {[%emt 00:07:48]} 6. Nf3 {[%clk 01:19:41]} {[%emt
00:08:39]} e5 {[%clk 01:09:32]} {[%emt 00:09:29]} 7. b4 {[%clk 01:12:51]}
{[%emt 00:07:19]} f5 {[%clk 00:57:37]} {[%emt 00:12:26]} 8. Bg5 {[%clk
01:06:55]} {[%emt 00:06:24]} Qc7 {[%clk 00:52:20]} {[%emt 00:05:49]} 9. Nd6+
{[%clk 01:01:48]} {[%emt 00:05:36]} Bxd6 {[%clk 00:52:04]} {[%emt 00:00:45]}
10. cxd6 {[%clk 01:02:10]} {[%emt 00:00:09]} Qxd6 {[%clk 00:50:34]} {[%emt
00:02:00]} 11. c5 {[%clk 00:59:23]} {[%emt 00:03:17]} Qc7 {[%clk 00:46:22]}
{[%emt 00:04:41]} 12. b5 {[%clk 00:53:51]} {[%emt 00:06:01]} Nce7 {[%clk
00:38:13]} {[%emt 00:08:41]} 13. Rc1 {[%clk 00:47:33]} {[%emt 00:06:48]} h6
{[%clk 00:34:52]} {[%emt 00:03:51]} 14. Bd2 {[%clk 00:46:44]} {[%emt 00:01:18]}
Nf6 {[%clk 00:33:31]} {[%emt 00:01:52]} 15. Qb3 {[%clk 00:43:41]} {[%emt
00:03:33]} Bd7 {[%clk 00:21:56]} {[%emt 00:12:07]} 16. b6 {[%clk 00:40:28]}
{[%emt 00:03:42]} Qb8 {[%clk 00:19:18]} {[%emt 00:03:08]} 17. g3 {[%clk
00:35:29]} {[%emt 00:05:29]} Nc6 {[%clk 00:17:28]} {[%emt 00:02:22]} 18. Bg2
{[%clk 00:29:38]} {[%emt 00:06:19]} e4 {[%clk 00:16:28]} {[%emt 00:01:31]} 19.
Nh4 {[%clk 00:28:03]} {[%emt 00:02:03]} g5 {[%clk 00:12:14]} {[%emt 00:04:46]}
20. Ng6 {[%clk 00:21:24]} {[%emt 00:07:09]} Rg8 {[%clk 00:11:50]} {[%emt
00:00:54]} 21. h4 {[%clk 00:21:10]} {[%emt 00:00:43]} g4 {[%clk 00:07:54]}
{[%emt 00:04:27]} 22. h5 {[%clk 00:19:35]} {[%emt 00:02:04]} Ne5 {[%clk
00:06:49]} {[%emt 00:01:36]} 23. Bf4 {[%clk 00:17:55]} {[%emt 00:02:09]} 1-0

[Event "DEM U10 2025"]
[Site "Willingen GER"]
[Date "2025.06.11"]
[Round "5"]
[White "Reese, Oscar"]
[Black "Solar, Mavi"]
[Result "1-0"]
[Termination "normal"]
[Board "7"]
[WhiteElo "1666"]
[BlackElo "1297"]
[WhiteClock "01:13:00"]
[BlackClock "00:00:35"]
[PlyCount "71"]
[WhiteFideId "34644474"]
[BlackFideId "533008973"]
[EventCountry "GER"]
[EventRounds "9"]
[EventType "swiss"]
[EventDate "2025.06.07"]

1. Nf3 {[%clk 01:30:57]} {[%emt 00:00:02]} Nc6 {[%clk 01:30:38]} {[%emt
00:00:23]} 2. e3 {[%clk 01:31:14]} {[%emt 00:00:13]} d5 {[%clk 01:29:26]}
{[%emt 00:01:42]} 3. c4 {[%clk 01:31:33]} {[%emt 00:00:11]} e6 {[%clk
01:29:05]} {[%emt 00:00:52]} 4. Nc3 {[%clk 01:31:16]} {[%emt 00:00:47]} Nf6
{[%clk 01:29:08]} {[%emt 00:00:26]} 5. d4 {[%clk 01:31:32]} {[%emt 00:00:14]}
Bb4 {[%clk 01:28:31]} {[%emt 00:01:07]} 6. a3 {[%clk 01:31:48]} {[%emt
00:00:15]} Bxc3+ {[%clk 01:28:42]} {[%emt 00:00:18]} 7. bxc3 {[%clk 01:32:11]}
{[%emt 00:00:07]} Bd7 {[%clk 01:28:04]} {[%emt 00:01:09]} 8. cxd5 {[%clk
01:32:24]} {[%emt 00:00:16]} exd5 {[%clk 01:28:00]} {[%emt 00:00:34]} 9. Bd3
{[%clk 01:32:24]} {[%emt 00:00:30]} O-O {[%clk 01:28:08]} {[%emt 00:00:22]} 10.
Qc2 {[%clk 01:32:33]} {[%emt 00:00:21]} Re8 {[%clk 01:23:55]} {[%emt 00:04:42]}
11. O-O {[%clk 01:30:55]} {[%emt 00:02:09]} Bg4 {[%clk 01:00:25]} {[%emt
00:24:00]} 12. Nd2 {[%clk 01:29:40]} {[%emt 00:01:43]} Qd6 {[%clk 00:52:06]}
{[%emt 00:08:51]} 13. c4 {[%clk 01:25:58]} {[%emt 00:04:12]} dxc4 {[%clk
00:49:19]} {[%emt 00:03:17]} 14. Nxc4 {[%clk 01:26:13]} {[%emt 00:00:15]} Qe7
{[%clk 00:48:57]} {[%emt 00:00:52]} 15. Bb2 {[%clk 01:25:58]} {[%emt 00:00:45]}
Rad8 {[%clk 00:47:49]} {[%emt 00:01:37]} 16. f3 {[%clk 01:22:32]} {[%emt
00:03:57]} Be6 {[%clk 00:47:29]} {[%emt 00:00:50]} 17. Rfe1 {[%clk 01:21:53]}
{[%emt 00:01:07]} g6 {[%clk 00:39:21]} {[%emt 00:08:40]} 18. Rad1 {[%clk
01:16:53]} {[%emt 00:05:30]} a6 {[%clk 00:34:55]} {[%emt 00:04:57]} 19. Ba1
{[%clk 01:16:10]} {[%emt 00:01:13]} Rd7 {[%clk 00:23:55]} {[%emt 00:11:30]} 20.
Qb2 {[%clk 01:16:18]} {[%emt 00:00:21]} Kg7 {[%clk 00:23:37]} {[%emt 00:00:48]}
21. Qxb7 {[%clk 01:14:32]} {[%emt 00:02:15]} Bxc4 {[%clk 00:12:20]} {[%emt
00:11:47]} 22. Qxc6 {[%clk 01:14:33]} {[%emt 00:00:29]} Bxd3 {[%clk 00:11:57]}
{[%emt 00:00:54]} 23. Rxd3 {[%clk 01:14:45]} {[%emt 00:00:18]} Rd6 {[%clk
00:11:28]} {[%emt 00:00:59]} 24. Qc2 {[%clk 01:14:22]} {[%emt 00:00:53]} Nd5
{[%clk 00:08:29]} {[%emt 00:03:29]} 25. e4 {[%clk 01:13:02]} {[%emt 00:01:51]}
Re6 {[%clk 00:06:49]} {[%emt 00:02:11]} 26. Rf1 {[%clk 01:12:39]} {[%emt
00:00:54]} Nf6 {[%clk 00:06:17]} {[%emt 00:01:02]} 27. d5 {[%clk 01:12:47]}
{[%emt 00:00:22]} Rb6 {[%clk 00:06:00]} {[%emt 00:00:46]} 28. e5 {[%clk
01:13:03]} {[%emt 00:00:15]} Ng8 {[%clk 00:04:48]} {[%emt 00:01:41]} 29. d6
{[%clk 01:13:03]} {[%emt 00:00:31]} Qd8 {[%clk 00:04:40]} {[%emt 00:00:38]} 30.
dxc7 {[%clk 01:12:45]} {[%emt 00:00:48]} Qc8 {[%clk 00:04:00]} {[%emt
00:01:10]} 31. e6+ {[%clk 01:13:01]} {[%emt 00:00:14]} Kf8 {[%clk 00:03:47]}
{[%emt 00:00:43]} 32. Qc5+ {[%clk 01:13:18]} {[%emt 00:00:13]} Ne7 {[%clk
00:02:25]} {[%emt 00:01:52]} 33. exf7 {[%clk 01:13:09]} {[%emt 00:00:40]} Kxf7
{[%clk 00:02:00]} {[%emt 00:00:55]} 34. Qxb6 {[%clk 01:13:24]} {[%emt
00:00:16]} Qe6 {[%clk 00:00:47]} {[%emt 00:01:41]} 35. Rd6 {[%clk 01:13:28]}
{[%emt 00:00:27]} Qc8 {[%clk 00:00:35]} {[%emt 00:00:42]} 36. Rxg6 {[%clk
01:13:00]} {[%emt 00:00:57]} 1-0

[Event "DEM U10 2025"]
[Site "Willingen GER"]
[Date "2025.06.11"]
[Round "5"]
[White "Ni, Wilhelm Zeyin"]
[Black "Khadem Aljamea, Adam"]
[Result "1-0"]
[Termination "normal"]
[Board "8"]
[WhiteElo "1654"]
[BlackElo "1472"]
[WhiteClock "01:19:00"]
[BlackClock "01:23:52"]
[PlyCount "95"]
[WhiteFideId "34675337"]
[BlackFideId "533012989"]
[EventCountry "GER"]
[EventRounds "9"]
[EventType "swiss"]
[EventDate "2025.06.07"]

1. e4 {[%clk 01:30:58]} {[%emt 00:00:02]} e5 {[%clk 01:30:50]} {[%emt
00:00:11]} 2. Nf3 {[%clk 01:31:24]} {[%emt 00:00:04]} Nc6 {[%clk 01:31:07]}
{[%emt 00:00:14]} 3. Bc4 {[%clk 01:31:49]} {[%emt 00:00:05]} Nf6 {[%clk
01:31:18]} {[%emt 00:00:19]} 4. d4 {[%clk 01:32:12]} {[%emt 00:00:07]} exd4
{[%clk 01:31:41]} {[%emt 00:00:07]} 5. e5 {[%clk 01:32:30]} {[%emt 00:00:12]}
d5 {[%clk 01:31:57]} {[%emt 00:00:14]} 6. Bb5 {[%clk 01:32:50]} {[%emt
00:00:11]} Bb4+ {[%clk 01:32:00]} {[%emt 00:00:26]} 7. Bd2 {[%clk 01:32:22]}
{[%emt 00:00:58]} Bxd2+ {[%clk 01:32:14]} {[%emt 00:00:16]} 8. Nbxd2 {[%clk
01:32:36]} {[%emt 00:00:17]} Ng4 {[%clk 01:31:57]} {[%emt 00:00:47]} 9. h3
{[%clk 01:31:50]} {[%emt 00:01:16]} Nh6 {[%clk 01:32:00]} {[%emt 00:00:26]} 10.
Nxd4 {[%clk 01:31:28]} {[%emt 00:00:53]} Bd7 {[%clk 01:32:04]} {[%emt
00:00:26]} 11. Bxc6 {[%clk 01:31:15]} {[%emt 00:00:43]} Bxc6 {[%clk 01:31:28]}
{[%emt 00:01:07]} 12. Nxc6 {[%clk 01:29:18]} {[%emt 00:02:26]} bxc6 {[%clk
01:31:51]} {[%emt 00:00:07]} 13. Nf3 {[%clk 01:29:14]} {[%emt 00:00:34]} O-O
{[%clk 01:31:49]} {[%emt 00:00:32]} 14. O-O {[%clk 01:28:59]} {[%emt 00:00:45]}
Re8 {[%clk 01:32:07]} {[%emt 00:00:12]} 15. Re1 {[%clk 01:26:40]} {[%emt
00:02:49]} c5 {[%clk 01:31:34]} {[%emt 00:01:03]} 16. Qd2 {[%clk 01:20:47]}
{[%emt 00:06:23]} Rb8 {[%clk 01:24:56]} {[%emt 00:07:08]} 17. c3 {[%clk
01:19:32]} {[%emt 00:01:46]} Nf5 {[%clk 01:24:15]} {[%emt 00:01:10]} 18. Rad1
{[%clk 01:19:04]} {[%emt 00:00:58]} c6 {[%clk 01:22:44]} {[%emt 00:02:01]} 19.
b3 {[%clk 01:17:26]} {[%emt 00:02:08]} Qc7 {[%emt 00:01:41]} 20. Qf4 {[%clk
01:14:51]} {[%emt 00:02:40]} Ne7 {[%clk 01:20:59]} {[%emt 00:01:29]} 21. Qe3
{[%clk 01:13:42]} {[%emt 00:01:39]} Ng6 {[%clk 01:20:39]} {[%emt 00:00:50]} 22.
Qxc5 {[%clk 01:13:33]} {[%emt 00:00:39]} Nxe5 {[%clk 01:19:05]} {[%emt
00:02:04]} 23. Nxe5 {[%clk 01:12:29]} {[%emt 00:01:34]} Rxe5 {[%clk 01:18:31]}
{[%emt 00:01:05]} 24. Rxe5 {[%clk 01:12:40]} {[%emt 00:00:18]} Qxe5 {[%clk
01:18:44]} {[%emt 00:00:16]} 25. Qxc6 {[%clk 01:12:59]} {[%emt 00:00:11]} Rd8
{[%clk 01:18:27]} {[%emt 00:00:47]} 26. Qc5 {[%emt 00:01:43]} h6 {[%clk
01:18:02]} 27. c4 {[%clk 01:12:53]} {[%emt 00:00:18]} d4 {[%clk 01:18:10]}
{[%emt 00:00:22]} 28. Qxe5 {[%clk 01:13:12]} {[%emt 00:00:12]} d3 {[%clk
01:18:22]} {[%emt 00:00:17]} 29. Qe3 {[%clk 01:13:33]} {[%emt 00:00:09]} Kf8
{[%clk 01:18:35]} {[%emt 00:00:17]} 30. Qxd3 {[%clk 01:13:50]} {[%emt
00:00:13]} Re8 {[%clk 01:18:18]} {[%emt 00:00:47]} 31. Qd8 {[%clk 01:14:04]}
{[%emt 00:00:16]} Rxd8 {[%clk 01:18:16]} {[%emt 00:00:32]} 32. Rxd8+ {[%clk
01:14:28]} {[%emt 00:00:06]} Ke7 {[%clk 01:18:42]} {[%emt 00:00:04]} 33. Ra8
{[%clk 01:14:53]} {[%emt 00:00:05]} Kd6 {[%clk 01:19:07]} {[%emt 00:00:05]} 34.
Rxa7 {[%clk 01:15:17]} {[%emt 00:00:06]} g5 {[%clk 01:19:28]} {[%emt 00:00:09]}
35. Rxf7 {[%clk 01:15:38]} {[%emt 00:00:09]} g4 {[%clk 01:19:52]} {[%emt
00:00:06]} 36. hxg4 {[%clk 01:16:03]} {[%emt 00:00:06]} h5 {[%clk 01:20:18]}
{[%emt 00:00:03]} 37. gxh5 {[%clk 01:16:21]} {[%emt 00:00:12]} Ke6 {[%clk
01:20:43]} {[%emt 00:00:05]} 38. Rf3 {[%clk 01:16:43]} {[%emt 00:00:07]} Ke5
{[%clk 01:21:09]} {[%emt 00:00:05]} 39. h6 {[%clk 01:17:07]} {[%emt 00:00:07]}
Kd6 {[%clk 01:21:38]} 40. h7 {[%clk 01:17:31]} {[%emt 00:00:06]} Kc5 {[%clk
01:21:50]} {[%emt 00:00:18]} 41. h8=Q {[%emt 00:00:06]} Kb4 {[%emt 00:00:02]}
42. Qb8+ {[%clk 01:17:34]} {[%emt 00:00:19]} Ka3 {[%clk 01:22:13]} {[%emt
00:00:06]} 43. Qa7+ {[%clk 01:17:50]} {[%emt 00:00:15]} Kb2 {[%clk 01:22:30]}
{[%emt 00:00:12]} 44. b4 {[%clk 01:17:57]} {[%emt 00:00:23]} Kc2 {[%clk
01:22:55]} {[%emt 00:00:06]} 45. Qa3 {[%clk 01:18:00]} {[%emt 00:00:27]} Kd2
{[%clk 01:23:20]} {[%emt 00:00:04]} 46. Qc3+ {[%clk 01:18:15]} {[%emt
00:00:15]} Kd1 {[%clk 01:23:31]} {[%emt 00:00:20]} 47. Rd3+ {[%clk 01:18:38]}
{[%emt 00:00:07]} Ke2 {[%clk 01:23:52]} {[%emt 00:00:09]} 48. Qd2# {[%clk
01:19:00]} {[%emt 00:00:07]} 1-0